Jeux Olympiques 2008 - Pays participants - Statistiques

Statistiques générales
  • Ce quiz a été pris 8 fois
  • Le résultat moyen est 122 sur 195
Réponses sur la Carte
Les réponses sont colorées sur une échelle allant du rouge au vert en fonction du pourcentage des utilisateurs qui les ont devinées à leur premier essai. Vous pouvez retrouver ces pourcentages ci-dessous.
 
Statistiques - réponses
Nombre d'athlètes Pays % Correct
277 Brési
100%
331 Canada
100%
596 Etats-Unis
100%
137 Argentine
83%
27 Chili
83%
323 France
83%
350 Japon
83%
85 Mexique
83%
04 Afghanistan
67%
11 Albanie
67%
439 Allemagne
67%
05 Andorre
67%
19 Arabie Saoudite
67%
25 Arménie
67%
433 Australie
67%
72 Autriche
67%
44 Azerbaidjan
67%
15 Bahreïn
67%
05 Bangladesh
67%
06 Barbade
67%
96 Belgique
67%
02 Bhoutan
67%
181 Biélorussie
67%
06 Birmanie
67%
06 Bolivie
67%
05 Bosnie-Herzégovine
67%
72 Bulgarie
67%
04 Cambodge
67%
639 Chine
67%
17 Chypre
67%
64 Colombie
67%
63 Corée du Nord
67%
267 Corée du Sud
67%
08 Costa Rica
67%
105 Croatie
67%
149 Cuba
67%
84 Danemark
67%
02 Dominique
67%
88 Egypte
67%
08 Emirats arabes unis
67%
25 Equateur
67%
286 Espagne
67%
47 Estonie
67%
06 Fidji
67%
58 Finlande
67%
35 Géorgie
67%
159 Grèce
67%
01 Grenade
67%
12 Guatemala
67%
04 Guyana
67%
28 Honduras
67%
171 Hongrie
67%
05 Iles Marshall
67%
57 Inde
67%
24 Indonésie
67%
04 Irak
67%
55 Iran
67%
54 Irlande
67%
29 Islande
67%
43 Israël
67%
344 Italie
67%
50 Jamaïque
67%
07 Jordanie
67%
132 Kazakhstan
67%
21 Kirghizistan
67%
02 Kiribati
67%
05 Koweït
67%
04 Laos
67%
50 Lettonie
67%
06 Liban
67%
07 Libye
67%
02 Liechtenstein
67%
69 Lituanie
67%
14 Luxembourg
67%
07 Macédoine du Nord
67%
04 Madagascar
67%
33 Malaisie
67%
06 Malte
67%
48 Maroc
67%
31 Moldavie
67%
29 Mongolie
67%
31 Monténégro
67%
08 Népal
67%
07 Nicaragua
67%
85 Norvège
67%
182 Nouvelle-Zélande
67%
04 Oman
67%
56 Ouzbékistan
67%
21 Pakistan
67%
05 Panama
67%
07 Papouasie-Nouvelle-Guinée
67%
07 Paraguay
67%
245 Pays-Bas
67%
12 Pérou
67%
15 Philippines
67%
263 Pologne
67%
78 Portugal
67%
22 Qatar
67%
05 République démocratique du Congo
67%
23 République dominicaine
67%
04 République du Congo
67%
134 République tchèque
67%
102 Roumanie
67%
313 Royaume-Uni
67%
463 Russie
67%
04 Saint-Christophe-et-Niévès
67%
06 Sainte-Lucie
67%
04 Saint-Marin
67%
02 Saint-Vincent-et-les-Grenadines
67%
03 Salomon
67%
06 Samoa
67%
92 Serbie
67%
25 Singapour
67%
57 Slovaquie
67%
62 Slovénie
67%
09 Soudan
67%
08 Sri Lanka
67%
136 Suède
67%
84 Suisse
67%
04 Suriname
67%
08 Syrie
67%
13 Tadjikistan
67%
80 Taïwan
67%
51 Thaïlande
67%
31 Trinite-et-Tobago
67%
27 Tunisie
67%
10 Turkménistan
67%
68 Turquie
67%
03 Tuvalu
67%
254 Ukraine
67%
12 Uruguay
67%
03 Vanuatu
67%
109 Venezuela
67%
22 Vietnam
67%
02 Yémen
67%
136 Afrique du Sud
50%
62 Algérie
50%
32 Angola
50%
05 Antigua-et-Barbuda
50%
19 Bahamas
50%
04 Belize
50%
05 Bénin
50%
12 Botswana
50%
04 Burkina Faso
50%
03 Burundi
50%
33 Cameroun
50%
03 Cap-Vert
50%
03 Comores
50%
20 Côte d'Ivoire
50%
02 Djibouti
50%
11 Erythrée
50%
22 Ethiopie
50%
04 Gabon
50%
03 Gambie
50%
09 Ghana
50%
01 Guinée
50%
03 Guinée-Bissau
50%
03 Guinée équatoriale
50%
10 Haïti
50%
36 Kenya
50%
05 Lesotho
50%
03 Liberia
50%
04 Malawi
50%
04 Maldives
50%
17 Mali
50%
06 Maurice
50%
02 Mauritanie
50%
05 Micronésie
50%
05 Monaco
50%
05 Mozambique
50%
09 Namibie
50%
01 Nauru
50%
03 Niger
50%
86 Nigeria
50%
12 Ouganda
50%
03 République Centrafricaine
50%
04 Rwanda
50%
11 Salvador
50%
03 Sao Tomé-et-Principe
50%
15 Sénégal
50%
04 Seychelles
50%
03 Sierra Leone
50%
02 Somalie
50%
05 Swaziland
50%
11 Tanzanie
50%
02 Tchad
50%
02 Timor oriental
50%
04 Togo
50%
03 Tonga
50%
07 Zambie
50%
13 Zimbabwe
50%
05 Palaos
33%
04 Palestine
33%
Aucun quiz correspondant
Distribution des résultats
% des personnes avec chaque résultat
Percentile par nombre de réponses
Votre historique - résultats
Vous n’avez pas pris ce quiz